000 01396nam a2200337 4500
003 EG-GICUC
005 20260121101053.0
008 251027s2019 ua ||||fr|||| 00| 0 ara d
017 _a201821844
020 _a9789777613095
040 _a EG-GICUC
_bara
_c EG-GICUC
_d EG-GICUC
_erda
041 0 _aara
082 0 4 _221
_a341.77
_bن ب . م
092 0 4 _221
099 _aLaw1 11 341.77 ن ب . م 1 ed - 2019
100 0 _aنبيل العبيدي
_eمؤلف.
245 1 0 _aمدى ملائمة التشريعات الوطنية والدولية لمكافحة الارهاب الدولي مع السياسة الجنائية/
_cتأليف نبيل العبيدي،عواد العبيدي.
250 _aالطبعة الاولى
264 1 _aالقاهرة:
_bالمركز القومي للاصدارات لقانونية،
_c2019.
300 _a479؛صفحة
_c24 سم
336 _2rda content
_atext
337 _2rda media
_aComputer
338 _2rda carrier
_aOnline Resource
504 _aيحتوي على ارجاعات ببليوجرافية يحتوي على قائمة بالمراجع
546 _aالنص باللغة العربية
650 1 _aالقانون الجنائى الدولى
700 0 _aعواد العبيدي
_eمؤلف.
856 4 0 _uhttps://fll.law.cu.edu.eg/fulltext/bks/B11-04799.pdf
905 _aRawan khaled
942 _2ddc
_n0
_cBK
_e21
999 _c37901
_d37901